00578cam a2200205 450000100060000000300080000600500170001400800400003102000150007103500190008604000270010504100080013208200220014010000210016224500490018326000420023230000260027450400410030065000310034130039BD-RjUL20211209051512.040408s1970 enk b 001 0 eng  a0710066821 a(BD-RjUL)30124 aDLCcDLCdBD-RjULbeng aeng00a149.94bMET 19701 aMeiland, Jack W.10aTalking about particularsc Jack W. Meiland. aLondon :bRoutledge & K. Paul,c1970. axiv, 168 p. :c23 cm. aIncludes bibliographical references. 0aIndividuation (Philosophy)